Statistiques concernant Pays du Monde traversés par l'Equateur (ligne imaginaire)

Cliquez ici pour prendre le quiz!

Statistiques générales

  • Ce quiz a été pris 134 fois
  • Le résultat moyen est 7 sur 13

Statistiques - réponses

ContinentsPays% Correct
AmériqueBrésil
90%
AmériqueEquateur
85%
AfriqueCongo
81%
AmériqueColombie
75%
AsieIndonésie
70%
AfriqueKenya
67%
AfriqueGabon
56%
AfriqueOuganda
53%
AfriqueSomalie
46%
OcéanieKiribati
35%
AsieMaldives
35%
AfriqueSao Tomé-et-Principe
22%
AfriqueRépublique démocratique du Congo
19%

Distribution des résultats

Percentile par nombre de réponses

% des personnes avec chaque résultat

Votre développement - résultats

Vous n’avez pas pris ce quiz